000 00612nam a22001937a 4500
003 OSt
005 20260306053323.0
008 260306b |||||||| |||| 00| 0 eng d
020 _a981-247-047-6.
040 _aDWCL Main lib
_cOC
082 _25th ed., Low price ed.
_aCirc. 612.8 P651b 2003
100 _aPinel, John P.
245 _aBiopsychology
_cJohn P. Pinel
250 _a5th ed., Low price ed.
260 _aSingapore :
_bPearson Education (Asia) Pte. Ltd.,
_c c2003.
300 _axxvi, 566 p. :
_bill. ;
_c28 cm.
650 _aPsychobiology.
942 _2ddc
_cBK-CIRC
_e5th ed., Low price ed.
_kCirc.
_n0
999 _c8698
_d8698